First in the Answers - Statistics

General Stats
  • This quiz has been taken 52,068 times
    29,142 since last reset
  • The average score is 14 of 20
Answer Stats
Clue Answer % Correct
U.S. President's wife First lady
98%
Expensive way to fly First class
95%
Method of narration using "I" and "me" pronouns First person
91%
Grants the right to free speech in the U.S. First Amendment
89%
Baseball position First baseman
83%
Willful, premeditated murder First degree
83%
The first medical assistance given to an injured person First aid
78%
Book often sought by collectors First Edition
78%
The ____ ___ of Thermodynamics: In a closed system, energy can be neither created nor destroyed First Law
76%
Ship's second in command First mate
74%
Term for the developed countries that are aligned with NATO First World
74%
Holy Land conflict (1096-1099) First Crusade
73%
Let he who is without sin cast the ... First stone
72%
The first Rambo movie First Blood
61%
Drew Barrymore had 50 of them First dates
57%
Term for the first encounter between humans and extraterrestrials First contact
56%
Also called "given" or "Christian" First name
55%
Group of aboriginal Canadians First Nation
41%
Julius Caesar was part of this group of three Roman leaders First Triumvirate
38%
The ships that founded Australia as a penal colony in 1788 First Fleet
26%
No matching quizzes found
Score Distribution
Percent of People with Each Score
Percentile by Number Answered
Your Score History
You have not taken this quiz since the last reset